000 00432nam a2200145Ia 4500
008 211109s9999||||xx |||||||||||||| ||und||
082 _a894.8124
_bNAR-S
100 _aNarayanan Potti, E K
245 0 _aSahitya Darsanam
260 _bSahithya Pravarthaka...
_aKottayam
_c1900
300 _a113p
630 _xGeneral Stack
650 _aLiteratures of other languages
_vMalayalam LiteratureMalayalam Poetry
_xMalayalam
942 _cBOOK
999 _c5079
_d5079